|
|
|
|
| LEADER |
00000ny a22000003n 4500 |
| 005 |
2011051206186.0 |
| 008 |
071017c19uu9999us mr pss 0 a0eng d |
| 022 |
|
|
|a 0308-5759
|
| 022 |
|
|
|a 1740-469X
|
| 035 |
|
|
|a 3132
|
| 040 |
|
|
|a BUS
|d vLex
|
| 090 |
|
|
|c 1724
|d 1724
|
| 245 |
3 |
0 |
|a Adoption & fostering journal
|h [Recurso electrn̤ico]
|
| 246 |
3 |
|
|a Adoption & fostering :
|b the quarterly journal of British Agencies for Adoption & Fostering
|
| 246 |
3 |
|
|a Adoption & fostering
|
| 256 |
|
|
|a Servicio en ln̕ea
|
| 260 |
|
|
|a London
|b : BAAF
|
| 310 |
|
|
|a Trimestral
|
| 506 |
1 |
|
|a Contenido solo disponible en los productos indicados
|d vLex Global
|d vLex Global (Academic Edition, excluding Law Schools)
|d vLex Global (Academic Edition, Law Schools)
|
| 508 |
|
|
|a El nombre de la organizacin̤ varia: Association of British Adoption and Fostering Agencies
|
| 650 |
0 |
4 |
|a Adopcin̤
|x Publicaciones perid̤icas
|
| 650 |
0 |
4 |
|a Adopcin̤
|z Gran Bretaą
|x Publicaciones perid̤icas
|
| 650 |
0 |
4 |
|a Niǫs adoptados
|x Publicaciones perid̤icas
|
| 710 |
2 |
|
|a British Agencies for Adoption and Fostering
|
| 740 |
|
|
|a vLex Revista (Servicios en ln̕ea)
|
| 776 |
0 |
|
|i Versin̤ impresa :
|t Adoption & fostering : the quarterly journal of British Agencies for Adoption & Fostering,
|x 0308-5759
|
| 843 |
|
|
|a Electrn̤ica. Abierta
|
| 853 |
|
|
|8 1
|i (year)
|j (month)
|k (day)
|
| 856 |
4 |
0 |
|z Acceso restringido
|u http://vlex.com/account/login_ip?fuente_id=3132
|
| 942 |
|
|
|c REV
|